000 00968cam a22002532u 4500
001 21086945
005 20240207235234.0
008 190717s1930 enk 000 0 eng
040 _aDLC
_beng
_cDLC
_dDLC
082 _222
_a306,7
100 1 _aMeyer, Johann Jakob,
245 1 0 _aSexual life in ancient India :
_ba study in the comparative history of Indian culture, /
_cby Johann Jakob Meyer.
260 _aLondon :
_bG. Routledge & sons, ltd.,
_c1930.
300 _a2 v. :
490 0 _aBroadway oriental library, edited by Clement Egerton
500 _aPaged continuously.
500 _aAn account of the life of woman in ancient India, based upon material in the Mahābhārata and the Rāmāyana; with emendations and additions by the author, who has completely revised the German work. cf. v. 1, p. [iv] and vii.
650 0 _aSex customs
650 0 _aWomen
650 0 _aIndia
650 0 _aHindu civilization
650 0 _aMahābhārata.
942 _cL
999 _c321
_d321